Tilastot visalle Luvut yhdestä sataan minuutissa

Klikkaa tästä pelataksesi tätä visaa!

Yleistilastot

  • Tätä visaa on pelattu 270 kertaa
  • Keskiarvotulos 72 / 100

Vastaustilastot

#% Oikein
1
100%
2
98%
3
98%
5
98%
10
96%
11
96%
21
96%
4
96%
6
96%
7
96%
8
96%
9
96%
27
94%
12
92%
13
92%
14
92%
15
92%
16
92%
22
92%
23
92%
24
92%
25
92%
26
92%
28
92%
17
91%
18
91%
19
91%
29
91%
30
91%
31
89%
32
89%
20
87%
33
87%
37
85%
34
83%
35
83%
38
83%
36
81%
43
79%
44
79%
45
79%
46
79%
47
79%
39
77%
48
77%
40
75%
41
75%
42
75%
49
75%
51
74%
55
74%
57
74%
50
72%
52
72%
53
72%
56
72%
58
70%
54
68%
60
68%
62
68%
66
68%
59
66%
61
66%
63
64%
64
64%
70
64%
65
62%
67
62%
68
60%
69
58%
71
58%
77
58%
72
55%
74
55%
73
53%
75
53%
80
53%
81
53%
88
53%
76
51%
78
49%
82
49%
85
49%
100
47%
79
47%
83
47%
84
47%
87
47%
86
45%
92
45%
94
45%
95
45%
99
45%
89
43%
90
43%
93
43%
96
43%
91
42%
97
42%
98
42%

Tulosjakauma

Persentiili vastausten määrän mukaan

Jokaisen tuloksen saaneiden osuus

Tuloshistoriasi

Et ole pelannut tätä visaa